Daniel Neylon

Texas A&M A


Categories

Beliefs05104589116.6025
British and Commonwealth History020120124130.0012
Other Arts: Visual02012095119.0002
Literature - American Literature1000157777.0001
History - European History1130108391.0012
Social Science010010108108.0001
Current Events010110136136.0001
Fine Arts - Auditory Fine Arts010010149149.0001
History - American History0100108686.0011
Philosophy0100108282.0001
Fine Arts - Visual Fine Arts01105145145.0001
Other Arts: Auditory000000.0000

Buzzes

Beliefsfishing-572
Literature - American LiteratureOur Town1577
History - European Historycosmonauts-581
PhilosophyStoicism1082
History - European HistoryBattle of Jutland1583
History - American HistoryW. E. B. Du Bois1086
Beliefsseeds1089
Other Arts: VisualPrincess Mononoke1095
Beliefscaves1098
History - European HistorySweden1099